Naciones y Nacionalismo /

Estudio sobre el nacionalismo, asumido como una nueva forma de organización social, derivada de la industrialización y de la cada vez más compleja división del trabajo. Se entiende también como un sentimiento y como un movimiento. El principio del nacionalismo es una teoría de legitimidad política q...

Descripció completa

Guardat en:
Dades bibliogràfiques
Autor principal: Gellner, Ernest (autor)
Format: Llibre
Idioma:espanyol
Publicat: México : CONACULTA : Alianza, 1991, c1991
Col·lecció:(Los Noventa ; 53)
Matèries:
Etiquetes: Afegir etiqueta
Sense etiquetes, Sigues el primer a etiquetar aquest registre!

MARC

LEADER 00000nam^a2200000^a^4500
001 000373195
005 20250521000000.0
009 20260310120033.814
020 |a 968-39-0452-1 
025 |a Donación Juan Diego Castillo, 1 ejemplar 
037 |a Acervo ITESO - Biblioteca 
041 |a ESP 
082 |a 320. 54  |b GEL 
100 |a Gellner, Ernest  |e (autor) 
245 1 0 |a Naciones y Nacionalismo /  |c E. Gellner; tr. por: Javier Setó. 
264 4 |a México :  |b CONACULTA :  |b Alianza,  |c 1991, c1991 
300 |a 189 p. 
336 |a texto  |b txt  |2 rdacontenido 
337 |a sin mediación  |b n  |2 rdamedio 
338 |a volumen  |b nc  |2 rdasoporte 
440 5 |a (Los Noventa ;  |v 53) 
520 |a Estudio sobre el nacionalismo, asumido como una nueva forma de organización social, derivada de la industrialización y de la cada vez más compleja división del trabajo. Se entiende también como un sentimiento y como un movimiento. El principio del nacionalismo es una teoría de legitimidad política que muchas veces no ha sido tan razonable ni tal simétrico, especialmente cuando se vincula a los conceptos de estado y de nación. 
649 |a XX 
650 |a Tolerancia e Intolerancia 
650 |a Nación -  |x Teoría 
650 |a Nacionalismo -  |x Teoría -  |x Tema Principal 
650 |a Política 
910 |a Fondo Castillo-Martínez 
920 |a Impresos - Libros 
930 |a Fondos Especiales 
905 |a 127 
901 |a 0500267461  |b IT2  |c ESP  |i FXC D  |u 20250521 
902 |a https://opac.biblio.iteso.mx/vufind/Record/000373195